Paris CDG Destinations on a map 2024 - Statistics

General Stats
  • This quiz has been taken 218 times
    204 since last reset
  • The average score is 193 of 273
Answers on the Map
Answers color-coded by a green-red scale on the quiz's map according to % correct below.
 
Answer Stats
Country Answer % Correct
France Paris
94%
Italy Rome
94%
Germany Berlin
93%
United Kingdom London
93%
France Nice
93%
Spain Barcelona
92%
Belgium Brussels
92%
Brazil Rio de Janeiro
92%
Poland Warsaw
92%
The Netherlands Amsterdam
91%
Ireland Dublin
91%
Peru Lima
91%
Portugal Lisbon
91%
United States Los Angeles
91%
Germany Munich
91%
United States New York
91%
Thailand Bangkok
90%
UAE Dubai
90%
Turkey Istanbul
90%
Spain Madrid
90%
Norway Oslo
90%
United States San Francisco
90%
Japan Tokyo
90%
Canada Toronto
90%
UAE Abu Dhabi
89%
Turkey Ankara
89%
Greece Athens
89%
Argentina Buenos Aires
89%
Egypt Cairo
89%
United States Chicago
89%
Denmark Copenhagen
89%
United States Dallas
89%
India Delhi
89%
United Kingdom Edinburgh
89%
United Kingdom Glasgow
89%
Finland Helsinki
89%
United Kingdom Manchester
89%
Philippines Manila
89%
France Marseille
89%
Mexico Mexico City
89%
United States Miami
89%
Italy Milan
89%
Canada Montreal
89%
India Mumbai
89%
Portugal Porto
89%
Chile Santiago
89%
Spain Santiago de Compostela
89%
Brazil Sao Paulo
89%
South Korea Seoul
89%
Singapore Singapore
89%
Sweden Stockholm
89%
Switzerland Zurich
89%
Algeria Algiers
88%
China Beijing
88%
Colombia Bogota
88%
South Africa Cape Town
88%
Switzerland Geneva
88%
South Africa Johannesburg
88%
Italy Naples
88%
Japan Osaka
88%
Czech Republic Prague
88%
Saudi Arabia Riyadh
88%
United States Seattle
88%
Bulgaria Sofia
88%
Tunisia Tunis
88%
Canada Vancouver
88%
Austria Vienna
88%
United States Boston
87%
Qatar Doha
87%
Cuba Havana
87%
Australia Perth
87%
Israel Tel Aviv
87%
United States Washington
87%
Hungary Budapest
86%
United States Denver
86%
United States Houston
86%
France Lyon
86%
Panama Panama City
86%
Latvia Riga
86%
China Shanghai
86%
Italy Venice
86%
United States Atlanta
85%
Germany Frankfurt
85%
Germany Hamburg
85%
Vietnam Hanoi
85%
Kuwait Kuwait
85%
United Kingdom Liverpool
85%
Morocco Rabat
85%
United Kingdom Belfast
84%
Serbia Belgrade
84%
Mexico Cancun
84%
Hong Kong Hong Kong
84%
United States Phoenix
84%
Iceland Reykjavik
84%
Romania Bucharest
83%
Morocco Casablanca
83%
Vietnam Ho Chi Minh City
83%
Poland Krakow
83%
United States Las Vegas
83%
Luxembourg Luxembourg
83%
Taiwan Taipei
83%
Croatia Zagreb
83%
Ethiopia Addis Ababa
82%
Lebanon Beirut
82%
United Kingdom Birmingham
82%
France Bordeaux
82%
Canada Calgary
82%
Ireland Cork
82%
United States Detroit
82%
Italy Florence
82%
Pakistan Islamabad
82%
Malaysia Kuala Lumpur
82%
Nigeria Lagos
82%
Canada Ottawa
82%
Italy Palermo
82%
Estonia Tallinn
82%
Saudi Arabia Jeddah
81%
Kenya Nairobi
81%
United States Philadelphia
81%
France Toulouse
81%
Italy Turin
81%
Lithuania Vilnius
81%
Jordan Amman
80%
United States Salt Lake City
80%
Sri Lanka Colombo
79%
Senegal Dakar
79%
Morocco Marrakech
79%
Canada Quebec
79%
Cabo Verde Sal
79%
Costa Rica San Jose
79%
Ghana Accra
78%
Germany Dusseldorf
78%
China Guangzhou
78%
United States Minneapolis
78%
Oman Muscat
78%
Azerbaijan Baku
77%
France Nantes
77%
Spain Valencia
77%
D.R. Congo Kinshasa
76%
Angola Luanda
76%
Malta Malta
76%
United States Newark
76%
United Kingdom Newcastle
76%
Germany Stuttgart
76%
Albania Tirana
76%
Nigeria Abuja
75%
United States Charlotte
75%
Tanzania Dar es Salaam
75%
Djibouti Djibouti
75%
Slovenia Ljubljana
75%
Maldives Male
75%
China Shenzhen
74%
Switzerland Basel
73%
India Bengaluru
73%
Spain Bilbao
73%
Italy Bologna
73%
Portugal Faro
73%
United Kingdom Leeds
73%
Spain Malaga
73%
Ivory Coast Abidjan
72%
Moldova Chisinau
72%
Sweden Gothenburg
72%
Italy Pisa
72%
Croatia Split
72%
Armenia Yerevan
72%
Madagascar Antananarivo
71%
Spain Palma de Mallorca
71%
Spain Tenerife
71%
Turkey Antalya
70%
Spain Ibiza
70%
Bahrain Bahrain
69%
Mali Bamako
69%
Uzbekistan Tashkent
69%
Congo Brazzaville
68%
Croatia Dubrovnik
68%
Togo Lome
68%
Georgia Tbilisi
68%
Norway Bergen
67%
Germany Hannover
67%
Turkey Izmir
67%
Rwanda Kigali
67%
United States Raleigh
67%
Spain Alicante
66%
Italy Bari
66%
United Kingdom Bristol
66%
Spain Las Palmas
66%
Germany Nuremberg
66%
Cameroon Yaounde
66%
France Brest
65%
Mauritius Mauritius
64%
Niger Niamey
64%
China Xian
64%
Tanzania Zanzibar
64%
Italy Catania
63%
United States Cincinnati
63%
Guinea Conakry
63%
Greece Heraklion
63%
France Montpellier
63%
Mauritania Nouakchott
62%
Central African Republic Bangui
61%
Italy Cagliari
61%
Morocco Fes
61%
Egypt Luxor
61%
Chad Ndjamena
61%
Burkina Faso Ouagadougou
61%
China Xiamen
61%
France Ajaccio
60%
Cabo Verde Praia
60%
Greece Rhodes
60%
United Kingdom Southampton
60%
Greece Santorini
59%
Brazil Fortaleza
58%
Gabon Libreville
58%
France Rennes
58%
Italy Verona
58%
Portugal Funchal
56%
Greece Mykonos
56%
Spain Sevilla
56%
Morocco Tangier
56%
Greece Corfu
55%
French Guyana Cayenne
54%
Canal Islands Guernsey
54%
Brazil Salvador
54%
Norway Tromso
54%
Martinique Fort de France
53%
Faroe Islands Faroe Islands
52%
Cyprus Larnaca
52%
Tunisia Oran
52%
Cameroon Douala
51%
Egypt Sharm el Sheikh
51%
Ireland Shannon
50%
Morocco Agadir
49%
Equatorial Guinea Malabo
49%
Benin Cotonou
48%
French Polynesia Papeete
48%
Denmark Billund
46%
Tunisia Djerba
46%
Egypt Hurghada
46%
St Denis de la Reunion St Denis de la Reunion
46%
Tanzania Kilimanjaro
45%
Guadeloupe Pointe-a-Pitre
45%
Norway Stavanger
45%
France Biarritz
43%
Finland Rovaniemi
43%
Sint Maarten Sint Maarten
43%
Spain Fuerteventura
42%
France Clermont-Ferrand
41%
Algeria Constantine
41%
Spain Lanzarote
39%
Italy Olbia
38%
Portugal Ponta Delgada
37%
France Pau
36%
Tunisia Monastir
32%
Congo Pointe Noire
32%
Morocco Oujda
26%
United Kingdom East Midlands
25%
Algeria Annaba
24%
Finland Kittila
23%
France Figari
21%
Algeria Tlemcen
21%
Algeria Bejaia
20%
Sweden Kiruna
19%
Algeria Biskra
18%
Mayotte Dzaoudzi
18%
Cabo Verde Sao Vicente
18%
Algeria Setif
18%
Morocco Tetouan
18%
Greece Kavala
17%
Uzbekistan Urgench
17%
Algeria Chlef
16%
Algeria Batna
15%
China Chongking
14%
Algeria El Oued
12%
No matching quizzes found
Score Distribution
Percent of People with Each Score
Percentile by Number Answered
Your Score History
You have not taken this quiz since the last reset